BUBT Library Online Catalog

Unlocking Law of Transfer of Property / (Record no. 7049)

000 -LEADER
fixed length control field 00660nam a22002177a 4500
003 - CONTROL NUMBER IDENTIFIER
control field BUBTL
008 - FIXED-LENGTH DATA ELEMENTS--GENERAL INFORMATION
fixed length control field 190703b xxu||||| |||| 00| 0 eng d
020 ## - INTERNATIONAL STANDARD BOOK NUMBER
International Standard Book Number 9789843432292
082 ## - DEWEY DECIMAL CLASSIFICATION NUMBER
Classification number 346/ T149u/ 2021
100 ## - MAIN ENTRY--PERSONAL NAME
9 (RLIN) 2364
Personal name Talukder, S.M. Hasan
245 ## - TITLE STATEMENT
Title Unlocking Law of Transfer of Property /
Statement of responsibility, etc. S.M. Hasan Talukder
250 ## - EDITION STATEMENT
Edition statement 3rd ed.
260 ## - PUBLICATION, DISTRIBUTION, ETC. (IMPRINT)
Place of publication, distribution, etc. Dhaka :
Name of publisher, distributor, etc. Law's Empire Publishing,
Date of publication, distribution, etc. c2021
300 ## - PHYSICAL DESCRIPTION
Extent xi, 307 p. :
Dimensions 22 cm.
505 ## - FORMATTED CONTENTS NOTE
Formatted contents note Unlocking Law of Transfer of Property, S.M. Hasan Talukder, Law
526 ## - STUDY PROGRAM INFORMATION NOTE
Program name Law
650 #0 - SUBJECT ADDED ENTRY--TOPICAL TERM
9 (RLIN) 2102
Topical term or geographic name as entry element Law
856 ## - ELECTRONIC LOCATION AND ACCESS
Password 0
Logon 0
Link text Download
942 ## - ADDED ENTRY ELEMENTS (KOHA)
Source of classification or shelving scheme
Koha item type Books
Holdings
Withdrawn status Lost status Source of classification or shelving scheme Damaged status Not for loan Collection code Permanent location Current location Shelving location Date acquired Source of acquisition Inventory number Total Checkouts Full call number Barcode Date last seen Copy number Price effective from Koha item type Date last checked out
        Not For Loan Non-fiction Bangladesh University of Business and Technology Library Bangladesh University of Business and Technology Library Law Stacks 05/25/2023 Purchase 29442   346/ T149u/ 2021 BUBTL-200329442 05/30/2023 C-1 05/30/2023 Books  
        Not For Loan Non-fiction Bangladesh University of Business and Technology Library Bangladesh University of Business and Technology Library Law Stacks 05/25/2023 Purchase 29443   346/ T149u/ 2021 BUBTL-200329443 05/30/2023 C-2 05/30/2023 Books  
          Non-fiction Bangladesh University of Business and Technology Library Bangladesh University of Business and Technology Library Law Stacks 05/25/2023 Purchase 29444   346/ T149u/ 2021 BUBTL-200329444 05/30/2023 C-3 05/30/2023 Books  
          Non-fiction Bangladesh University of Business and Technology Library Bangladesh University of Business and Technology Library Law Stacks 05/25/2023 Purchase 29445 1 346/ T149u/ 2021 BUBTL-200329445 07/14/2024 C-4 05/30/2023 Books 07/08/2024
          Non-fiction Bangladesh University of Business and Technology Library Bangladesh University of Business and Technology Library Law Stacks 05/25/2023 Purchase 29446 1 346/ T149u/ 2021 BUBTL-200329446 07/14/2024 C-5 05/30/2023 Books 07/08/2024

More Information About Library

Library Hours

  • Open: 9.00 am. to 9.00 pm.
  • Only Sunday: 9.00 am. to 6.00 pm.
  • Closed: Holiday

Contact to the University

Bangladesh University of Business and Technology Library

  • Mirpurl-2, 1216.
  • Phone:
  • Fax:
  • E-Mail: admin.library@bubt.edu.bd

Contact to the Library

Contact Person:

Md. Abdul Hakim Shah
Joint Librarian
PABX No:  113
Cell No: 01816332931
E-mail: official: admin.library@bubt.edu.bd
Personal: hakim.shah@bubt.edu.bd


BUBT Library

Copyright © 2021